2015-2016 NBA Statistical Leaders - Statistics

General Stats
  • This quiz has been taken 157 times
  • The average score is 20 of 38
Answer Stats
Answer % Correct
Stephen Curry
100%
LeBron James
97%
Kevin Durant
96%
Russell Westbrook
95%
James Harden
94%
Klay Thompson
88%
Chris Paul
85%
Draymond Green
78%
Paul George
75%
Anthony Davis
71%
Damian Lillard
71%
G. Antetokounmpo
70%
Rudy Gobert
68%
DeAndre Jordan
64%
Dwight Howard
63%
DeMarcus Cousins
60%
Andre Drummond
59%
DeMar DeRozan
59%
Pau Gasol
52%
Kyle Lowry
50%
John Wall
48%
Jabari Parker
44%
Rajon Rondo
44%
Hassan Whiteside
42%
Serge Ibaka
41%
Brook Lopez
40%
Karl-Anthony Towns
40%
J.R. Smith
38%
C.J. McCollum
37%
J.J. Redick
29%
Paul Millsap
27%
Kristaps Porzingis
23%
Ricky Rubio
21%
Julius Randle
20%
Trevor Ariza
15%
Nerlens Noel
10%
Monta Ellis
9%
Wesley Matthews
9%
No matching quizzes found
Score Distribution
Percent of People with Each Score
Percentile by Number Answered
Your Score History
You have not taken this quiz